Seguros sobre la vida / (Record no. 163096)

MARC details
000 -LEADER
campo de control de longitud fija 00857nam a2200205 i 4500
001 - NÚMERO DE CONTROL
campo de control 163096
003 - IDENTIFICADOR DE NÚMERO DE CONTROL
campo de control ES-MaACL
005 - FECHA Y HORA DE LA ÚLTIMA TRANSACCIÓN
campo de control 20230906212652.0
008 - DATOS DE LONGITUD FIJA--INFORMACIÓN GENERAL
campo de control de longitud fija 050707s1865 sp | |||||||| ||spa d
040 ## - FUENTE DE CATALOGACIÓN
Centro catalogador/agencia de origen CAM
Lengua de catalogación spa
Centro/agencia transcriptor CAM
100 1# - ENTRADA PRINCIPAL--NOMBRE DE PERSONA
Nombre de persona Reboul, Eugenio.
9 (RLIN) 131645
245 10 - MENCIÓN DEL TÍTULO
Título Seguros sobre la vida /
Mención de responsabilidad, etc. por Eugenio Reboul; traduccion de Lázaro Gil Marconell; seguida de una reseña historica de las sociedades de seguros sobre la vida establecida en España, y una ligera esplicacion [sic] de sus estatudos.
260 ## - PUBLICACIÓN, DISTRIBUCIÓN, ETC.
Lugar de publicación, distribución, etc. Madrid :
Nombre del editor, distribuidor, etc. [s.n.],
Fecha de publicación, distribución, etc. 1865 (
Lugar de fabricación/manufactura Imprenta de La Previsora, á cargo de H. Jordan)
300 ## - DESCRIPCIÓN FÍSICA
Extensión 312 p. ;
Dimensiones 22 cm.
594 ## - Nota al título y mención de responsabilidad
Nota al título y mención de responsabilidad Precede al tit.: Estudios sobre seguros.
650 #4 - PUNTO DE ACCESO ADICIONAL DE MATERIA--TÉRMINO DE MATERIA
Término de materia o nombre geográfico como elemento de entrada Seguros.
9 (RLIN) 136860
700 1# - ENTRADA AGREGADA--NOMBRE PERSONAL
Nombre de persona Gil Marconell, Lázaro,
Término indicativo de función/relación
9 (RLIN) 127305
752 ## - ENTRADA AGREGADA--NOMBRE JERÁRQUICO DEL LUGAR
País o entidad superior España -
Ciudad Madrid
852 ## - LOCALIZACIÓN
Ubicación ES-MaACL
Número de control de estantería G-1629
Nota libre -- Enc. tela
Holdings
Estatus retirado Estado de pérdida Estado de daño No para préstamo Colección Biblioteca de origen Biblioteca actual Ubicación en estantería Fecha de adquisición Fuente de adquisición Total de préstamos Signatura topográfica completa Código de barras Visto por última vez Precio de reemplazo Tipo de ítem Koha
        Libros del s. XIX Biblioteca del Ateneo de Madrid Biblioteca del Ateneo de Madrid Depósito 2 17/01/2008     G-1629 1170903 23/02/2023 23/02/2023 Libro impreso antiguo